Giáo trình lý thuyết và bài tập Pascal. t.II /

Zapisane w:
Opis bibliograficzny
1. autor: Nguyễn Đình Tê
Kolejni autorzy: Hoàng Đức Hải
Format: Sách giấy
Język:Vietnamese
Wydane: Hà Nội : Giáo dục , 2000
Etykiety: Dodaj etykietę
Nie ma etykietki, Dołącz pierwszą etykiete!
Thư viện lưu trữ: Thư viện Trường Đại học Đà Lạt
LEADER 00642nam a2200253 4500
001 DLU020018172
005 ##6/21/2001
020 # # |a 978- 
041 # # |a vie 
082 # # |a 005.133  |b NG-T 
100 # # |a Nguyễn Đình Tê 
245 # # |a Giáo trình lý thuyết và bài tập Pascal.  |n t.II /  |c Nguyễn Đình Tê, Hoàng Đức Hải 
260 # # |a Hà Nội :  |b Giáo dục ,  |c 2000 
300 # # |a 622 tr.;   |c 24 cm. 
700 # # |a Hoàng Đức Hải 
992 # # |a 82000 
994 # # |a DLU 
900 # # |a False 
911 # # |a Administrator 
925 # # |a G 
926 # # |a A 
927 # # |a SH 
980 # # |a Thư viện Trường Đại học Đà Lạt